00427nam a2200181Ia 4500008004100000020001800041050001400059100001600073245002200089245004000111260001500151260001600166260000900182300001600191300002000207300001000227500000800237170918s9999 xx 000 0 und d a9780545391801 bH758 2011 aHolub, Joan aAthena the wise / cby Joan Holub and Suzanne Williams. aNew York : bScholastic, c2011 a246 pages : billustrations ; c19cm. a730